<?xml version="1.0" encoding="UTF-8"?>
<marc:record xmlns:marc="http://www.loc.gov/MARC21/slim">
   <marc:leader>00000nam a2200000 a 4500</marc:leader>
   <marc:datafield ind1="0" ind2="0" tag="245">
      <marc:subfield code="a">Kuma</marc:subfield>
   </marc:datafield>
   <marc:datafield ind1=" " ind2="1" tag="264">
      <marc:subfield code="a">Berlin</marc:subfield>
      <marc:subfield code="b">Salzgeber &amp; Co</marc:subfield>
      <marc:subfield code="c">2013</marc:subfield>
   </marc:datafield>
   <marc:datafield ind1="1" ind2=" " tag="490">
      <marc:subfield code="a">2</marc:subfield>
   </marc:datafield>
   <marc:datafield ind1="1" ind2=" " tag="520">
      <marc:subfield code="a">Zwei türkische Frauen freunden sich in Wien miteinander an. Fatma, um die 50, Ehefrau und Mutter von sechs Kindern, stammt aus Anatolien und ist in Traditionen und Wertvorstellungen der Heimat verhaftet. Ayse, neunzehn, kommt als jüngstes Familienmitglied nach Wien, nachdem sie in Anatolien geheiratet hat. Was zuerst wie die Hochzeit zwischen Ayse und Fatmas Sohn Hasan aussieht, entpuppt sich als Scharade: Ayse wird die Zweitfrau von Fatmas Mann Mustafa...</marc:subfield>
   </marc:datafield>
   <marc:datafield ind1=" " ind2=" " tag="020">
      <marc:subfield code="a">4040592005157</marc:subfield>
      <marc:subfield code="9">4040592005157</marc:subfield>
   </marc:datafield>
   <marc:datafield ind1="0" ind2=" " tag="490">
      <marc:subfield code="v">0</marc:subfield>
   </marc:datafield>
   <marc:datafield ind1=" " ind2=" " tag="300">
      <marc:subfield code="a">ca. 93 Min.</marc:subfield>
   </marc:datafield>
</marc:record>
